[Event "III Festival San Giovanni A"]
[Site "Torino ITA"]
[Date "2016.06.20"]
[Round "2"]
[White "Lizzul Coppe, Mirko"]
[Black "Nastro, Federico"]
[WhiteElo "1857"]
[BlackElo "2071"]
[Result "1/2-1/2"]
[PlyCount "42"]
[EventDate "2016.06.19"]

1. e4 c6 2. d4 d5 3. Nc3 g6 4. Be2 Bg7 5. Nf3 Bg4 6. Be3 dxe4 7. Nxe4 Nd7 8.
O-O Ngf6 9. Nxf6+ Nxf6 10. c3 O-O 11. Ne5 Bxe2 12. Qxe2 Nd7 13. Nxd7 Qxd7 14.
Qc2 Rae8 15. Rad1 e6 16. Rfe1 Qc7 17. Qc1 e5 18. dxe5 Bxe5 19. Bh6 Bg7 20. Bxg7
Kxg7 21. Qd2 Rd8 1/2-1/2

[Event "III Festival San Giovanni A"]
[Site "Torino ITA"]
[Date "2016.06.21"]
[Round "3"]
[White "Yao, Stefano"]
[Black "Mina, Marco"]
[WhiteElo "2261"]
[BlackElo "2025"]
[Result "1-0"]
[PlyCount "67"]
[EventDate "2016.06.19"]

1. d4 e6 2. Nf3 Nf6 3. c4 d5 4. g3 Be7 5. Bg2 O-O 6. O-O dxc4 7. Qc2 a6 8. Qxc4
b5 9. Qc2 Bb7 10. Bd2 Ra7 11. Rc1 Be4 12. Qd1 Nc6 13. e3 b4 14. Qf1 Qa8 15. Be1
Rc8 16. Nbd2 Bd5 17. Nc4 a5 18. Nfd2 Bxg2 19. Qxg2 Bd6 20. g4 h6 21. h4 Ne7 22.
g5 Qxg2+ 23. Kxg2 Ne8 24. Ne4 Nf5 25. f3 Be7 26. Bf2 Ned6 27. Ne5 hxg5 28. hxg5
Kf8 29. Rh1 g6 30. Rh7 Nxe4 31. fxe4 Nd6 32. Rah1 Bxg5 33. Rh8+ Kg7 34. R1h7+
1-0

[Event "III Festival San Giovanni A"]
[Site "Torino ITA"]
[Date "2016.06.22"]
[Round "4"]
[White "Nastro, Federico"]
[Black "Yao, Stefano"]
[WhiteElo "2071"]
[BlackElo "2261"]
[Result "0-1"]
[PlyCount "71"]
[EventDate "2016.06.19"]

1. e4 e6 2. d4 d5 3. Nd2 Nf6 4. e5 Nfd7 5. Bd3 c5 6. c3 Nc6 7. Ngf3 g6 8. h4 h6
9. Nf1 Qb6 10. Bc2 cxd4 11. cxd4 Bb4+ 12. Ke2 Bf8 13. a3 a5 14. b3 Qa7 15. Ne3
b6 16. Ke1 Ba6 17. Bb2 a4 18. b4 Bb5 19. Qd2 Qa6 20. g4 O-O-O 21. Nd1 Bc4 22.
Nc3 b5 23. Qe3 Nb6 24. Nd2 Bg7 25. f4 g5 26. Kf2 gxf4 27. Qxf4 f6 28. exf6 Bxf6
29. Kg2 Rhf8 30. Qxh6 Nxd4 31. Bd1 Qb7 32. g5 Qc7 33. Nf3 Qf4 34. Rh3 Be5 35.
Qh5 Nxf3 36. Bxf3 0-1

[Event "III Festival San Giovanni A"]
[Site "Torino ITA"]
[Date "2016.06.23"]
[Round "5"]
[White "Mina, Marco"]
[Black "Lizzul Coppe, Mirko"]
[WhiteElo "2025"]
[BlackElo "1857"]
[Result "1-0"]
[PlyCount "107"]
[EventDate "2016.06.19"]

1. e4 c5 2. Ne2 d6 3. Nbc3 Nf6 4. d4 cxd4 5. Nxd4 a6 6. Bg5 Nbd7 7. f4 Qc7 8.
Qf3 e6 9. O-O-O b5 10. a3 Rb8 11. g4 b4 12. axb4 Rxb4 13. Bxf6 gxf6 14. b3 Be7
15. h4 Bb7 16. g5 Nc5 17. Bg2 f5 18. Qe3 fxe4 19. Nxe4 Nxe4 20. Bxe4 d5 21. Bf3
Qa5 22. Kb1 Rb6 23. f5 Bc5 24. fxe6 Rxe6 25. Qd3 Bb4 26. Ne2 O-O 27. c3 Rxe2
28. Qxe2 Bxc3 29. Qa2 Qb4 30. Qa4 Qd6 31. Rd3 Qg6 32. Rhd1 Bc6 33. Qxa6 Ra8 34.
Qb6 Ra1+ 35. Kc2 Rxd1 36. Bxd1 d4 37. Qd8+ Kg7 38. h5 Qe6 39. h6+ Kg6 40. Qg8+
Kf5 41. Qxh7+ Kf4 42. Bh5 f6 43. g6 Be4 44. Qc7+ Kg5 45. Qg3+ Kxh5 46. h7 Qc8
47. h8=Q+ Qxh8 48. Qh2+ Kxg6 49. Qxh8 Kf5 50. Qh4 Ke5 51. Qg3+ Kd5 52. Kd1 Bb4
53. Qg8+ Ke5 54. Qe8+ 1-0

[Event "III Festival San Giovanni A"]
[Site "Torino ITA"]
[Date "2016.06.24"]
[Round "6"]
[White "Yao, Stefano"]
[Black "Buffa Sabarino, Pietro"]
[WhiteElo "2261"]
[BlackElo "1818"]
[Result "1/2-1/2"]
[PlyCount "58"]
[EventDate "2016.06.19"]

1. d4 c5 2. d5 g6 3. e4 d6 4. Nf3 Bg7 5. Be2 Nf6 6. Nc3 O-O 7. O-O e6 8. dxe6
Bxe6 9. Ng5 Nc6 10. Be3 Qe7 11. Re1 Rad8 12. Nd5 Bxd5 13. exd5 Nb4 14. Bf3 Qd7
15. c3 Na6 16. a4 Nc7 17. Nh3 h5 18. Qb3 b6 19. Ng5 Rde8 20. Qc4 Qf5 21. h4
Nfxd5 22. Bd2 Ne7 23. Qf4 Be5 24. Qxf5 Nxf5 25. Bc6 Re7 26. Ne4 d5 27. Ng3 Nxg3
28. fxg3 Re6 29. Bh6 Rd8 1/2-1/2